000 00672nam a22001575i 4500
001 154675
003 ES-MaACL
005 20230906205820.0
008 001030s1818 sp |||| | spa d
040 _aCAM
_bspa
_cCAM
100 1 _aGorostiza, Manuel Eduardo de.
_9127480
245 1 0 _aIndulgencia para todos
_b: comedia original en cinco actos /
_cpor don Manuel Eduardo de Gorostiza.
260 _aMadrid :
_bse hallará en la libreria de Gonzalez,
_c1818 (
_fImprenta de Cano)
300 _a182 p. ;
_c15 cm.
852 _aES-MaACL
_jF-8631(1)
_z-- Enc. pasta española
_z-- Enc. en un vol. facticio formando parte de la col. facticia "Teatro español moderno", vol. 86
999 _c154675
_d154675